Normal view
MARC view
- الزبن، عدنان ساري، م.مشارك الجلابنه، مصطفى طلال
Entry Personal Name
001 - CONTROL NUMBER
- control field: 20438
003 - CONTROL NUMBER IDENTIFIER
- control field: JO-AjAnu
005 - DATE AND TIME OF LATEST TRANSACTION
- control field: 20230606073544.0
008 - FIXED-LENGTH DATA ELEMENTS
- fixed length control field: 230606|| aca||aabn | a|a d
040 ## - CATALOGING SOURCE
- Original cataloging agency: JO-AjAnu
- Transcribing agency: JO-AjAnu
100 ## - HEADING--PERSONAL NAME
- Personal name: الزبن، عدنان ساري، م.مشارك الجلابنه، مصطفى طلال
670 ## - SOURCE DATA FOUND
- Source citation: Work cat.: (JO-AjAnu)10495: الزبن، عدنان ساري، م.مشارك الجلابنه، مصطفى طلال, author, الأطفال وفتيان الثورة العربية الكبرى الحسين بن علي أمير المؤمنيين وملك العرب